Transgenic Herbicide Resistance in Plants. (Registro nro. 62309)
[ vista simple ]
| 000 -LEADER | |
|---|---|
| fixed length control field | 00614nam a2200205 a 4500 |
| 001 - CONTROL NUMBER | |
| control field | 62309 |
| 005 - DATE AND TIME OF LATEST TRANSACTION | |
| control field | 20180714064302.0 |
| 008 - FIXED-LENGTH DATA ELEMENTS--GENERAL INFORMATION | |
| fixed length control field | 150323s2015 xxu r 000 0 spa d |
| 020 ## - INTERNATIONAL STANDARD BOOK NUMBER | |
| International Standard Book Number | 978-1-4665-8737-3 |
| 082 0# - DEWEY DECIMAL CLASSIFICATION NUMBER | |
| Classification number | 631.5233 |
| Item number | RAO |
| 100 1# - MAIN ENTRY--PERSONAL NAME | |
| Personal name | Rao, V. S. |
| Relator term | autor |
| 245 10 - TITLE STATEMENT | |
| Title | Transgenic Herbicide Resistance in Plants. |
| 264 #1 - PRODUCTION, PUBLICATION, DISTRIBUTION, MANUFACTURE, AND COPYRIGHT NOTICE | |
| Place of production, publication, distribution, manufacture | Estados Unidos de América : |
| Name of producer, publisher, distributor, manufacturer | CRC Press ; |
| Date of production, publication, distribution, manufacture, or copyright notice | 2015 |
| 300 ## - PHYSICAL DESCRIPTION | |
| Extent | xvii, 458 páginas ; |
| Dimensions | 24 cm. |
| 336 ## - CONTENT TYPE | |
| Content type term | texto |
| Source | rdacontent |
| 337 ## - MEDIA TYPE | |
| Media type term | sin mediación |
| Source | rdamedia |
| 338 ## - CARRIER TYPE | |
| Carrier type term | volumen |
| Source | rdacarrier |
| 650 #0 - SUBJECT ADDED ENTRY--TOPICAL TERM | |
| Topical term or geographic name entry element | Herbicidas |
| General subdivision | cultivos |
| 650 #0 - SUBJECT ADDED ENTRY--TOPICAL TERM | |
| Topical term or geographic name entry element | Plantas |
| Withdrawn status | Lost status | Source of classification or shelving scheme | Damaged status | Not for loan | Collection code | Home library | Current library | Shelving location | Date acquired | Source of acquisition | Inventory number | Total Checkouts | Total Renewals | Full call number | Barcode | Date last seen | Date last checked out | Price effective from | Koha item type |
|---|---|---|---|---|---|---|---|---|---|---|---|---|---|---|---|---|---|---|---|
| Dewey Decimal Classification | General | Biblioteca Karol Wojtyla | Biblioteca Karol Wojtyla | Sala general | 23/03/2015 | Compra | 151000000000000000012972 | 3 | 1 | 631.5233 RAO 2015 | 93602 | 05/01/2026 | 08/02/2019 | 17/11/2015 | Libro |